[Event "DVM U12w 2024"]
[Site "Bad Homburg GER"]
[Date "2024.12.28"]
[Round "3"]
[White "Xu, Dorothea Sicheng"]
[Black "Werner, Amelie"]
[Result "0-1"]
[Termination "normal"]
[Board "2.2"]
[WhiteElo "1585"]
[BlackElo "1525"]
[WhiteClock "00:20:54"]
[BlackClock "00:49:11"]
[WhiteTeam "SK Bad Homburg 1927"]
[BlackTeam "SC Garching 1980"]
[PlyCount "114"]
[WhiteFideId "34667539"]
[BlackFideId "34639900"]
[EventCountry "GER"]
[EventRounds "7"]
[EventType "team-swiss"]
[EventDate "2024.12.26"]

1. e4 {[%clk 01:30:59]} {[%emt 16:52:49]} c5 {[%clk 01:30:56]} {[%emt
00:00:04]} 2. Nf3 {[%clk 01:31:22]} {[%emt 00:00:07]} Nc6 {[%clk 01:31:21]}
{[%emt 00:00:05]} 3. d4 {[%clk 01:31:30]} {[%emt 00:00:22]} cxd4 {[%clk
01:31:45]} {[%emt 00:00:07]} 4. Nxd4 {[%clk 01:31:51]} {[%emt 00:00:08]} g6
{[%clk 01:32:10]} {[%emt 00:00:05]} 5. Nc3 {[%clk 01:32:00]} {[%emt 00:00:21]}
Bg7 {[%clk 01:32:34]} {[%emt 00:00:06]} 6. Be3 {[%clk 01:31:52]} {[%emt
00:00:38]} Nf6 {[%clk 01:32:48]} {[%emt 00:00:16]} 7. Bc4 {[%clk 01:30:59]}
{[%emt 00:01:23]} O-O {[%clk 01:32:59]} {[%emt 00:00:19]} 8. O-O {[%clk
01:30:43]} {[%emt 00:00:47]} d6 {[%clk 01:28:45]} {[%emt 00:04:45]} 9. Re1
{[%clk 01:29:45]} {[%emt 00:01:27]} Bd7 {[%clk 01:28:36]} {[%emt 00:00:39]} 10.
Qd2 {[%clk 01:25:58]} {[%emt 00:04:17]} Rc8 {[%clk 01:28:08]} {[%emt 00:00:58]}
11. Bb3 {[%clk 01:21:44]} {[%emt 00:04:44]} Ng4 {[%clk 01:25:24]} {[%emt
00:03:13]} 12. Nf3 {[%clk 01:18:29]} {[%emt 00:03:47]} a6 {[%clk 01:22:34]}
{[%emt 00:03:20]} 13. h3 {[%clk 01:16:45]} {[%emt 00:02:12]} Nxe3 {[%clk
01:22:41]} {[%emt 00:00:24]} 14. Qxe3 {[%clk 01:15:54]} {[%emt 00:01:20]} Na5
{[%clk 01:20:48]} {[%emt 00:02:22]} 15. Rad1 {[%clk 01:11:47]} {[%emt
00:04:39]} Nxb3 {[%clk 01:20:46]} {[%emt 00:00:32]} 16. cxb3 {[%clk 01:11:42]}
{[%emt 00:00:36]} Qa5 {[%clk 01:19:29]} {[%emt 00:01:46]} 17. Nd4 {[%clk
01:03:45]} {[%emt 00:08:28]} Qc5 {[%clk 01:05:45]} {[%emt 00:14:13]} 18. Re2
{[%clk 00:57:06]} {[%emt 00:07:10]} Qe5 {[%clk 00:57:26]} {[%emt 00:08:49]} 19.
Nf3 {[%clk 00:48:42]} {[%emt 00:08:55]} Qc5 {[%clk 00:57:33]} {[%emt 00:00:23]}
20. Qxc5 {[%clk 00:47:55]} {[%emt 00:01:18]} Rxc5 {[%clk 00:57:38]} {[%emt
00:00:25]} 21. Rc2 {[%clk 00:46:01]} {[%emt 00:02:24]} f5 {[%clk 00:55:37]}
{[%emt 00:02:30]} 22. exf5 {[%clk 00:43:31]} {[%emt 00:03:00]} Bxf5 {[%clk
00:56:01]} {[%emt 00:00:07]} 23. Rcc1 {[%clk 00:43:22]} {[%emt 00:00:37]} Bh6
{[%clk 00:55:20]} {[%emt 00:01:11]} 24. Nd2 {[%clk 00:42:21]} {[%emt 00:01:32]}
Rfc8 {[%clk 00:53:10]} {[%emt 00:02:35]} 25. g4 {[%clk 00:30:15]} {[%emt
00:12:41]} Bd3 {[%clk 00:52:30]} {[%emt 00:01:10]} 26. Kg2 {[%clk 00:26:11]}
{[%emt 00:04:34]} Bf4 {[%clk 00:51:45]} {[%emt 00:01:16]} 27. Kf3 {[%clk
00:25:13]} {[%emt 00:01:27]} e5 {[%clk 00:52:04]} {[%emt 00:00:11]} 28. b4
{[%clk 00:24:51]} {[%emt 00:00:52]} R5c6 {[%clk 00:51:30]} {[%emt 00:01:04]}
29. a3 {[%clk 00:24:16]} {[%emt 00:01:05]} d5 {[%clk 00:49:02]} {[%emt
00:02:59]} 30. Kg2 {[%clk 00:22:08]} {[%emt 00:02:37]} e4 {[%clk 00:47:05]}
{[%emt 00:02:27]} 31. h4 {[%clk 00:20:26]} {[%emt 00:02:11]} d4 {[%clk
00:46:10]} {[%emt 00:01:26]} 32. g5 {[%clk 00:18:33]} {[%emt 00:02:23]} dxc3
{[%clk 00:46:30]} {[%emt 00:00:10]} 33. bxc3 {[%clk 00:18:46]} {[%emt
00:00:17]} Rxc3 {[%clk 00:46:45]} {[%emt 00:00:16]} 34. Ra1 {[%clk 00:18:40]}
{[%emt 00:00:36]} Bc2 {[%clk 00:46:25]} {[%emt 00:00:49]} 35. Nb1 {[%clk
00:18:37]} {[%emt 00:00:33]} Bxd1 {[%clk 00:46:07]} {[%emt 00:00:48]} 36. Nxc3
{[%clk 00:18:59]} {[%emt 00:00:08]} Bf3+ {[%clk 00:46:30]} {[%emt 00:00:07]}
37. Kg1 {[%clk 00:18:20]} {[%emt 00:01:09]} Rxc3 {[%clk 00:46:46]} {[%emt
00:00:15]} 38. a4 {[%clk 00:18:01]} {[%emt 00:00:49]} Rb3 {[%clk 00:46:44]}
{[%emt 00:00:31]} 39. b5 {[%clk 00:17:54]} {[%emt 00:00:36]} axb5 {[%clk
00:46:47]} {[%emt 00:00:28]} 40. axb5 {[%clk 00:18:14]} {[%emt 00:00:10]} Rxb5
{[%clk 00:47:05]} {[%emt 00:00:12]} 41. Ra8+ {[%clk 00:18:21]} {[%emt
00:00:23]} Kg7 {[%clk 00:47:25]} {[%emt 00:00:10]} 42. Ra1 {[%clk 00:18:34]}
{[%emt 00:00:17]} h6 {[%clk 00:47:35]} {[%emt 00:00:20]} 43. gxh6+ {[%clk
00:18:48]} {[%emt 00:00:15]} Kxh6 {[%clk 00:48:00]} {[%emt 00:00:06]} 44. Rf1
{[%clk 00:18:42]} {[%emt 00:00:37]} g5 {[%clk 00:47:37]} {[%emt 00:00:53]} 45.
h5 {[%clk 00:18:58]} {[%emt 00:00:13]} g4 {[%clk 00:47:28]} {[%emt 00:00:39]}
46. Ra1 {[%clk 00:18:55]} {[%emt 00:00:33]} Kxh5 {[%clk 00:47:22]} {[%emt
00:00:36]} 47. Re1 {[%clk 00:19:01]} {[%emt 00:00:21]} Rb2 {[%clk 00:47:07]}
{[%emt 00:00:48]} 48. Ra1 {[%clk 00:18:25]} {[%emt 00:01:05]} Rc2 {[%clk
00:46:59]} {[%emt 00:00:39]} 49. Ra5+ {[%clk 00:18:25]} {[%emt 00:00:29]} Kh4
{[%clk 00:47:22]} {[%emt 00:00:07]} 50. Ra1 {[%clk 00:18:48]} {[%emt 00:00:07]}
Rc1+ {[%clk 00:47:41]} {[%emt 00:00:12]} 51. Rxc1 {[%clk 00:19:12]} {[%emt
00:00:06]} Bxc1 {[%clk 00:48:06]} {[%emt 00:00:04]} 52. Kf1 {[%clk 00:19:28]}
{[%emt 00:00:14]} b5 {[%clk 00:48:24]} {[%emt 00:00:12]} 53. Ke1 {[%clk
00:19:35]} {[%emt 00:00:22]} b4 {[%clk 00:48:27]} {[%emt 00:00:28]} 54. Kf1
{[%clk 00:19:58]} {[%emt 00:00:06]} b3 {[%clk 00:48:50]} {[%emt 00:00:08]} 55.
Kg1 {[%clk 00:20:21]} {[%emt 00:00:06]} b2 {[%clk 00:49:13]} {[%emt 00:00:07]}
56. Kh2 {[%clk 00:20:36]} {[%emt 00:00:15]} b1=R {[%clk 00:49:11]} {[%emt
00:00:32]} 57. Kg1 {[%clk 00:20:54]} {[%emt 00:00:12]} Bf4# {[%emt 00:00:26]}
0-1

[Event "DVM U12w 2024"]
[Site "Bad Homburg GER"]
[Date "2024.12.28"]
[Round "3"]
[White "Kotliarova, Emily"]
[Black "Doberchak, Emily Alice"]
[Result "1-0"]
[Termination "normal"]
[Board "2.4"]
[WhiteElo "1139"]
[BlackElo "1106"]
[WhiteClock "00:54:53"]
[BlackClock "01:09:59"]
[WhiteTeam "SK Bad Homburg 1927"]
[BlackTeam "SC Garching 1980"]
[PlyCount "115"]
[WhiteFideId "34694390"]
[BlackFideId "34630139"]
[EventCountry "GER"]
[EventRounds "7"]
[EventType "team-swiss"]
[EventDate "2024.12.26"]

1. e4 {[%clk 01:30:59]} e5 {[%clk 01:30:54]} {[%emt 00:00:06]} 2. Nf3 {[%clk
01:31:17]} {[%emt 00:00:12]} Nc6 {[%clk 01:31:19]} {[%emt 00:00:05]} 3. Bc4
{[%clk 01:31:41]} {[%emt 00:00:06]} Bc5 {[%clk 01:31:43]} {[%emt 00:00:06]} 4.
O-O {[%clk 01:32:06]} {[%emt 00:00:05]} Nf6 {[%clk 01:32:04]} {[%emt 00:00:09]}
5. d4 {[%clk 01:32:27]} {[%emt 00:00:09]} Bxd4 {[%clk 01:31:10]} {[%emt
00:01:24]} 6. Nxd4 {[%clk 01:32:29]} {[%emt 00:00:28]} Nxd4 {[%clk 01:31:26]}
{[%emt 00:00:15]} 7. f4 {[%clk 01:32:49]} {[%emt 00:00:10]} Nc6 {[%clk
01:30:38]} {[%emt 00:01:18]} 8. Bxf7+ {[%clk 01:31:57]} {[%emt 00:01:22]} Kxf7
{[%clk 01:29:29]} {[%emt 00:01:38]} 9. fxe5 {[%clk 01:32:13]} {[%emt 00:00:14]}
Nxe5 {[%clk 01:29:19]} {[%emt 00:00:40]} 10. Qd5+ {[%clk 01:32:23]} {[%emt
00:00:19]} Ke8 {[%clk 01:28:21]} {[%emt 00:01:28]} 11. Qxe5+ {[%clk 01:32:34]}
{[%emt 00:00:20]} Qe7 {[%clk 01:24:31]} {[%emt 00:04:20]} 12. Qxe7+ {[%clk
01:30:03]} {[%emt 00:03:02]} Kxe7 {[%clk 01:24:37]} {[%emt 00:00:23]} 13. Bg5
{[%clk 01:29:59]} {[%emt 00:00:34]} d6 {[%clk 01:23:58]} {[%emt 00:01:08]} 14.
Nc3 {[%clk 01:27:06]} {[%emt 00:03:24]} Be6 {[%clk 01:23:00]} {[%emt 00:01:27]}
15. Bxf6+ {[%clk 01:23:33]} {[%emt 00:04:03]} gxf6 {[%clk 01:22:47]} {[%emt
00:00:43]} 16. Nd5+ {[%clk 01:22:20]} {[%emt 00:01:42]} Bxd5 {[%clk 01:22:22]}
{[%emt 00:00:55]} 17. exd5 {[%clk 01:22:47]} {[%emt 00:00:05]} Rhf8 {[%clk
01:21:16]} {[%emt 00:01:35]} 18. Rae1+ {[%clk 01:22:42]} {[%emt 00:00:34]} Kd7
{[%clk 01:20:27]} {[%emt 00:01:20]} 19. Rf5 {[%clk 01:19:02]} {[%emt 00:04:06]}
Rae8 {[%emt 00:02:46]} 20. Rxe8 {[%clk 01:18:05]} {[%emt 00:00:51]} Kxe8 {[%clk
01:19:09]} {[%emt 00:00:11]} 21. Kf2 {[%clk 01:18:25]} {[%emt 00:00:11]} Kd7
{[%clk 01:19:15]} {[%emt 00:00:24]} 22. Rh5 {[%clk 01:14:08]} {[%emt 00:04:45]}
Rf7 {[%clk 01:19:07]} {[%emt 00:00:39]} 23. Rf5 {[%clk 01:10:52]} {[%emt
00:03:47]} c5 {[%clk 01:19:12]} {[%emt 00:00:26]} 24. dxc6+ {[%clk 01:10:54]}
{[%emt 00:00:28]} Kxc6 {[%clk 01:19:08]} {[%emt 00:00:34]} 25. Ke3 {[%clk
01:10:47]} {[%emt 00:00:36]} b5 {[%clk 01:18:55]} {[%emt 00:00:43]} 26. Kd4
{[%clk 01:09:26]} {[%emt 00:01:51]} d5 {[%clk 01:18:39]} {[%emt 00:00:46]} 27.
Rxd5 {[%clk 01:03:08]} {[%emt 00:06:48]} Re7 {[%clk 01:18:24]} {[%emt
00:00:43]} 28. Rf5 {[%clk 01:02:57]} {[%emt 00:00:41]} Rd7+ {[%clk 01:18:25]}
{[%emt 00:00:29]} 29. Kc3 {[%clk 01:02:45]} {[%emt 00:00:43]} Rd6 {[%clk
01:18:42]} {[%emt 00:00:11]} 30. a3 {[%clk 00:59:02]} {[%emt 00:04:15]} Kc7
{[%clk 01:17:59]} {[%emt 00:01:13]} 31. Rxb5 {[%clk 00:59:11]} {[%emt
00:00:21]} Re6 {[%clk 01:17:33]} {[%emt 00:00:55]} 32. Rf5 {[%clk 00:57:57]}
{[%emt 00:01:45]} Kc6 {[%clk 01:17:25]} {[%emt 00:00:37]} 33. b4 {[%clk
00:56:55]} {[%emt 00:01:33]} a6 {[%clk 01:16:17]} {[%emt 00:01:37]} 34. Kb3
{[%clk 00:52:18]} {[%emt 00:05:08]} Kb6 {[%clk 01:15:35]} {[%emt 00:01:10]} 35.
Ka4 {[%clk 00:51:48]} {[%emt 00:01:02]} Kb7 {[%clk 01:14:26]} {[%emt 00:01:38]}
36. Ka5 {[%clk 00:50:56]} {[%emt 00:01:23]} Ka7 {[%clk 01:13:49]} {[%emt
00:01:07]} 37. c4 {[%clk 00:50:07]} {[%emt 00:01:20]} Re5+ {[%clk 01:12:45]}
{[%emt 00:01:33]} 38. Rxe5 {[%clk 00:49:52]} {[%emt 00:00:45]} fxe5 {[%clk
01:13:09]} {[%emt 00:00:06]} 39. Ka4 {[%clk 00:50:14]} {[%emt 00:00:09]} Kb6
{[%clk 01:12:56]} {[%emt 00:00:43]} 40. Kb3 {[%emt 00:00:15]} Kc6 {[%clk
01:12:58]} {[%emt 00:00:27]} 41. Kc3 {[%clk 00:50:38]} {[%emt 00:00:22]} Kd6
{[%clk 01:11:37]} {[%emt 00:01:51]} 42. Kd3 {[%clk 00:50:51]} {[%emt 00:00:17]}
h6 {[%clk 01:10:45]} {[%emt 00:01:21]} 43. b5 {[%clk 00:50:30]} {[%emt
00:00:53]} a5 {[%clk 01:10:31]} {[%emt 00:00:44]} 44. b6 {[%clk 00:50:22]}
{[%emt 00:00:38]} Kc6 {[%clk 01:10:55]} {[%emt 00:00:05]} 45. c5 {[%clk
00:50:32]} {[%emt 00:00:20]} a4 {[%clk 01:11:13]} {[%emt 00:00:12]} 46. Ke4
{[%clk 00:50:50]} {[%emt 00:00:12]} h5 {[%clk 01:11:06]} {[%emt 00:00:36]} 47.
Kxe5 {[%clk 00:51:12]} {[%emt 00:00:08]} h4 {[%clk 01:11:02]} {[%emt 00:00:33]}
48. g3 {[%clk 00:51:35]} {[%emt 00:00:09]} Kxc5 {[%clk 01:08:55]} {[%emt
00:02:37]} 49. b7 {[%clk 00:51:54]} {[%emt 00:00:11]} hxg3 {[%clk 01:09:16]}
{[%emt 00:00:07]} 50. hxg3 {[%clk 00:52:09]} {[%emt 00:00:17]} Kc6 {[%clk
01:09:09]} {[%emt 00:00:37]} 51. b8=Q {[%clk 00:52:29]} {[%emt 00:00:10]} Kc5
{[%clk 01:09:14]} {[%emt 00:00:25]} 52. Qb4+ {[%clk 00:52:48]} {[%emt
00:00:11]} Kc6 {[%clk 01:09:15]} {[%emt 00:00:28]} 53. Qd4 {[%clk 00:53:09]}
{[%emt 00:00:09]} Kb5 {[%clk 01:09:29]} {[%emt 00:00:16]} 54. Qc3 {[%clk
00:53:27]} {[%emt 00:00:13]} Ka6 {[%clk 01:09:43]} {[%emt 00:00:16]} 55. Qb4
{[%clk 00:53:49]} {[%emt 00:00:07]} Ka7 {[%clk 01:10:00]} {[%emt 00:00:14]} 56.
Kd6 {[%clk 00:54:05]} {[%emt 00:00:13]} Ka6 {[%clk 01:09:48]} {[%emt 00:00:43]}
57. Kc7 {[%clk 00:54:29]} {[%emt 00:00:06]} Ka7 {[%clk 01:09:59]} {[%emt
00:00:18]} 58. Qb7# {[%clk 00:54:53]} {[%emt 00:00:06]} 1-0

[Event "DVM U12w 2024"]
[Site "Bad Homburg GER"]
[Date "2024.12.28"]
[Round "3"]
[White "Busch, Lara Sophie"]
[Black "Huang, Jasmin Shuya"]
[Result "0-1"]
[Termination "normal"]
[Board "3.1"]
[WhiteElo "1626"]
[BlackElo "1523"]
[WhiteClock "00:01:21"]
[BlackClock "00:14:51"]
[WhiteTeam "SchVgg Blankenese 1923"]
[BlackTeam "SV Empor Erfurt"]
[PlyCount "82"]
[WhiteFideId "34664866"]
[BlackFideId "533015694"]
[EventCountry "GER"]
[EventRounds "7"]
[EventType "team-swiss"]
[EventDate "2024.12.26"]

1. e4 {[%emt 00:00:04]} c5 {[%clk 01:30:56]} {[%emt 00:00:02]} 2. Nc3 {[%clk
01:31:08]} {[%emt 00:00:20]} Nc6 {[%clk 01:31:11]} {[%emt 00:00:15]} 3. g3
{[%clk 01:31:19]} {[%emt 00:00:19]} g6 {[%clk 01:30:57]} {[%emt 00:00:44]} 4.
Bg2 {[%clk 01:31:37]} {[%emt 00:00:12]} Bg7 {[%clk 01:31:01]} {[%emt 00:00:26]}
5. d3 {[%clk 01:31:35]} {[%emt 00:00:31]} Nf6 {[%clk 01:29:51]} {[%emt
00:01:41]} 6. Be3 {[%clk 01:31:13]} {[%emt 00:00:51]} d6 {[%clk 01:29:03]}
{[%emt 00:01:19]} 7. h3 {[%clk 01:31:02]} {[%emt 00:00:42]} O-O {[%clk
01:25:43]} {[%emt 00:03:50]} 8. Qd2 {[%clk 01:30:26]} {[%emt 00:01:05]} Bd7
{[%clk 01:23:03]} {[%emt 00:03:10]} 9. Bh6 {[%clk 01:28:51]} {[%emt 00:02:05]}
Ne8 {[%clk 01:20:38]} {[%emt 00:02:56]} 10. Bxg7 {[%clk 01:28:34]} {[%emt
00:00:46]} Nxg7 {[%clk 01:20:56]} {[%emt 00:00:12]} 11. f4 {[%clk 01:26:32]}
{[%emt 00:02:33]} f5 {[%clk 01:19:19]} {[%emt 00:02:07]} 12. Nf3 {[%clk
01:23:35]} {[%emt 00:03:26]} Qe8 {[%clk 01:12:09]} {[%emt 00:07:39]} 13. O-O
{[%clk 01:07:35]} {[%emt 00:16:31]} e5 {[%clk 00:58:02]} {[%emt 00:14:37]} 14.
Rad1 {[%clk 00:58:06]} {[%emt 00:09:48]} Rd8 {[%clk 00:52:42]} {[%emt
00:06:01]} 15. Rfe1 {[%clk 00:53:33]} {[%emt 00:05:03]} exf4 {[%clk 00:46:57]}
{[%emt 00:06:15]} 16. gxf4 {[%clk 00:43:49]} {[%emt 00:10:13]} Qf7 {[%clk
00:42:48]} {[%emt 00:04:39]} 17. e5 {[%clk 00:40:36]} {[%emt 00:03:44]} dxe5
{[%clk 00:41:05]} {[%emt 00:02:13]} 18. Nxe5 {[%clk 00:34:10]} {[%emt
00:06:56]} Nxe5 {[%clk 00:40:12]} {[%emt 00:01:22]} 19. Rxe5 {[%clk 00:34:32]}
{[%emt 00:00:08]} b6 {[%clk 00:39:12]} {[%emt 00:01:30]} 20. Bd5 {[%clk
00:30:52]} {[%emt 00:04:10]} Be6 {[%clk 00:39:07]} {[%emt 00:00:35]} 21. Bxe6
{[%clk 00:29:49]} {[%emt 00:01:33]} Nxe6 {[%clk 00:39:30]} {[%emt 00:00:07]}
22. Rde1 {[%clk 00:26:47]} {[%emt 00:03:32]} Nd4 {[%clk 00:39:13]} {[%emt
00:00:47]} 23. Qg2 {[%clk 00:25:37]} {[%emt 00:01:19]} Rfe8 {[%clk 00:38:37]}
{[%emt 00:01:26]} 24. Nd5 {[%clk 00:24:27]} {[%emt 00:01:41]} Rxe5 {[%clk
00:37:09]} {[%emt 00:01:58]} 25. Rxe5 {[%clk 00:24:54]} {[%emt 00:00:02]} Nc6
{[%clk 00:36:47]} {[%emt 00:00:53]} 26. c4 {[%clk 00:20:22]} {[%emt 00:05:02]}
Nxe5 {[%clk 00:36:56]} {[%emt 00:00:21]} 27. fxe5 {[%clk 00:20:51]} {[%emt
00:00:01]} h6 {[%clk 00:25:43]} {[%emt 00:11:43]} 28. h4 {[%clk 00:18:10]}
{[%emt 00:03:11]} f4 {[%clk 00:23:18]} {[%emt 00:02:55]} 29. Kf2 {[%clk
00:15:16]} {[%emt 00:03:24]} Kg7 {[%clk 00:20:24]} {[%emt 00:03:22]} 30. Qg4
{[%clk 00:11:10]} {[%emt 00:04:37]} Re8 {[%clk 00:18:28]} {[%emt 00:02:26]} 31.
Qe2 {[%clk 00:07:56]} {[%emt 00:03:44]} Qf5 {[%clk 00:18:10]} {[%emt 00:00:42]}
32. Nc7 {[%clk 00:05:05]} {[%emt 00:03:26]} Rxe5 {[%clk 00:17:36]} {[%emt
00:01:04]} 33. Qf3 {[%clk 00:03:21]} {[%emt 00:02:15]} Qh5 {[%clk 00:14:11]}
{[%emt 00:03:54]} 34. Qxh5 {[%clk 00:02:09]} {[%emt 00:01:43]} gxh5 {[%clk
00:14:39]} {[%emt 00:00:02]} 35. Kf3 {[%clk 00:02:08]} {[%emt 00:00:31]} Re3+
{[%clk 00:14:25]} {[%emt 00:00:41]} 36. Kxf4 {[%clk 00:02:34]} {[%emt
00:00:08]} Rxd3 {[%clk 00:14:49]} {[%emt 00:00:06]} 37. Ke5 {[%clk 00:02:00]}
{[%emt 00:01:04]} Rh3 {[%clk 00:14:36]} {[%emt 00:00:43]} 38. Ne8+ {[%clk
00:01:52]} {[%emt 00:00:38]} Kf8 {[%clk 00:14:19]} {[%emt 00:00:46]} 39. Nd6
{[%clk 00:01:48]} {[%emt 00:00:34]} Rxh4 {[%clk 00:14:32]} {[%emt 00:00:18]}
40. Nf5 {[%clk 00:01:54]} {[%emt 00:00:25]} Rh2 {[%clk 00:14:51]} {[%emt
00:00:09]} 41. Nxh6 {[%clk 00:01:21]} {[%emt 00:01:04]} Rxb2 {[%emt 00:00:37]}
0-1

[Event "DVM U12w 2024"]
[Site "Bad Homburg GER"]
[Date "2024.12.28"]
[Round "3"]
[White "Albrecht, Sidney Jenna"]
[Black "Du, Vivian"]
[Result "1-0"]
[Termination "normal"]
[Board "3.2"]
[WhiteElo "1483"]
[BlackElo "1144"]
[WhiteClock "00:24:15"]
[BlackClock "01:14:10"]
[WhiteTeam "SV Empor Erfurt"]
[BlackTeam "SchVgg Blankenese 1923"]
[PlyCount "67"]
[WhiteFideId "34660283"]
[BlackFideId "533025924"]
[EventCountry "GER"]
[EventRounds "7"]
[EventType "team-swiss"]
[EventDate "2024.12.26"]

1. c4 {[%clk 01:30:58]} {[%emt 00:00:02]} e5 {[%clk 01:30:53]} {[%emt
00:00:08]} 2. Nc3 {[%clk 01:31:19]} {[%emt 00:00:09]} Nf6 {[%clk 01:31:15]}
{[%emt 00:00:07]} 3. Nf3 {[%clk 01:31:18]} {[%emt 00:00:30]} Nc6 {[%clk
01:31:26]} {[%emt 00:00:19]} 4. g3 {[%clk 01:31:31]} {[%emt 00:00:17]} Bb4
{[%clk 01:31:44]} {[%emt 00:00:13]} 5. Bg2 {[%clk 01:31:02]} {[%emt 00:00:59]}
Bxc3 {[%clk 01:31:46]} {[%emt 00:00:28]} 6. bxc3 {[%clk 01:31:21]} {[%emt
00:00:10]} d6 {[%clk 01:31:50]} {[%emt 00:00:26]} 7. O-O {[%clk 01:31:11]}
{[%emt 00:00:40]} O-O {[%clk 01:32:12]} {[%emt 00:00:08]} 8. Rb1 {[%clk
01:31:05]} {[%emt 00:00:36]} Re8 {[%clk 01:30:51]} {[%emt 00:01:51]} 9. d3
{[%clk 01:29:14]} {[%emt 00:02:20]} Rb8 {[%clk 01:30:23]} {[%emt 00:00:58]} 10.
e4 {[%clk 01:28:03]} {[%emt 00:01:41]} Bg4 {[%clk 01:29:31]} {[%emt 00:01:23]}
11. h3 {[%clk 01:27:31]} {[%emt 00:01:02]} Bh5 {[%clk 01:29:50]} {[%emt
00:00:11]} 12. g4 {[%clk 01:25:00]} {[%emt 00:03:01]} Bg6 {[%clk 01:29:51]}
{[%emt 00:00:29]} 13. Be3 {[%clk 01:23:53]} {[%emt 00:01:37]} Nd7 {[%clk
01:27:29]} {[%emt 00:02:51]} 14. Qa4 {[%clk 01:17:17]} {[%emt 00:07:07]} Qc8
{[%clk 01:26:35]} {[%emt 00:01:24]} 15. Rb2 {[%clk 01:11:08]} {[%emt 00:06:39]}
Nb6 {[%clk 01:25:58]} {[%emt 00:01:07]} 16. Qc2 {[%clk 01:07:33]} {[%emt
00:04:05]} Qe6 {[%clk 01:24:52]} {[%emt 00:01:36]} 17. Rfb1 {[%clk 01:00:33]}
{[%emt 00:07:30]} Qf6 {[%clk 01:23:48]} {[%emt 00:01:33]} 18. Bg5 {[%clk
00:55:43]} {[%emt 00:05:21]} Qe6 {[%clk 01:23:35]} {[%emt 00:00:42]} 19. Qe2
{[%clk 00:50:29]} {[%emt 00:05:44]} Na4 {[%clk 01:22:33]} {[%emt 00:01:32]} 20.
Rc2 {[%clk 00:49:09]} {[%emt 00:01:50]} Nc5 {[%clk 01:22:24]} {[%emt 00:00:40]}
21. Rcc1 {[%clk 00:45:58]} {[%emt 00:03:40]} f6 {[%clk 01:20:17]} {[%emt
00:02:37]} 22. Bd2 {[%clk 00:44:16]} {[%emt 00:02:13]} Rbd8 {[%clk 01:19:25]}
{[%emt 00:01:22]} 23. Ne1 {[%clk 00:42:11]} {[%emt 00:02:35]} Bf7 {[%clk
01:18:59]} {[%emt 00:00:56]} 24. Nc2 {[%clk 00:41:37]} {[%emt 00:01:05]} Ne7
{[%clk 01:18:56]} {[%emt 00:00:32]} 25. Ne3 {[%clk 00:37:25]} {[%emt 00:04:42]}
Ng6 {[%clk 01:18:34]} {[%emt 00:00:52]} 26. Nd5 {[%clk 00:36:14]} {[%emt
00:01:42]} Qd7 {[%clk 01:17:50]} {[%emt 00:01:13]} 27. d4 {[%clk 00:33:41]}
{[%emt 00:03:04]} exd4 {[%clk 01:18:03]} {[%emt 00:00:17]} 28. cxd4 {[%clk
00:34:00]} {[%emt 00:00:11]} Ne6 {[%clk 01:17:06]} {[%emt 00:01:27]} 29. Rxb7
{[%clk 00:31:07]} {[%emt 00:03:23]} Nxd4 {[%clk 01:17:22]} {[%emt 00:00:14]}
30. Qe3 {[%clk 00:30:36]} {[%emt 00:01:01]} Ne6 {[%clk 01:15:40]} {[%emt
00:02:12]} 31. Rxa7 {[%clk 00:28:11]} {[%emt 00:02:55]} Ra8 {[%clk 01:14:43]}
{[%emt 00:01:27]} 32. Nb6 {[%clk 00:26:05]} {[%emt 00:02:36]} Qc6 {[%clk
01:13:56]} {[%emt 00:01:16]} 33. Nxa8 {[%clk 00:24:38]} {[%emt 00:01:57]} Rxa8
{[%clk 01:14:10]} {[%emt 00:00:16]} 34. e5 {[%clk 00:24:15]} {[%emt 00:00:53]}
1-0